| 000 | 01218nac a22002891i 4500 | ||
|---|---|---|---|
| 003 | EG-ScBUE | ||
| 005 | 20231130122748.0 | ||
| 008 | 121120s1974 ua b f 000 0 ara d | ||
| 017 | _a1974 / 5271 | ||
| 040 |
_aEG-ScBUE _bara _erda _cEG-ScBUE _dEG-ScBUE |
||
| 041 | 1 |
_aara _heng |
|
| 082 | 0 | 4 |
_a909.097492701 _bن ت ن _222 |
| 100 | 1 |
_aناتنج، أنتوني، _d1920-1999، _eمؤلف. _931343 |
|
| 245 | 1 | 0 |
_aالعرب : _bانتصاراتهم وأمجاد الإسلام / _cتأليف أنتوني نتنج ؛ ترجمة دكتور راشد البراوي. |
| 264 | 1 |
_aالقاهرة : _bمكتبة الأنجلو المصرية، _c1974. |
|
| 300 |
_a559 صفحة : _bخرائط ؛ _c24 سم |
||
| 336 |
_2rdacontent _aنص _btxt |
||
| 337 |
_aبدون وسيط _2rdamedia _bn |
||
| 338 |
_aمجلد _bnc _2rdacarrier |
||
| 546 | _aالنص باللغة العربية وتم ترجمته من اللغة الإنجليزية. | ||
| 650 | 7 |
_aالتاريخ الإسلامي. _2BUEsh _931278 |
|
| 650 | 7 |
_aالفتوحات الإسلامية. _2BUEsh |
|
| 650 | 7 |
_aالحضارة الإسلامية. _2BUEsh |
|
| 655 | _vReading book | ||
| 700 | 1 |
_aبراوي، راشد، _eمترجم. _931344 |
|
| 942 |
_cBB _2ddc |
||
| 999 |
_c5652 _d5652 |
||